La financiación del desarrollo : flujos privados y ayuda oficial al desarrollo (Registro nro. 259201)
[ vista simple ]
| 001 - NÚMERO DE CONTROL | |
|---|---|
| campo de control | 816140 |
| 005 - FECHA Y HORA DE LA ÚLTIMA TRANSACCIÓN | |
| campo de control | 20260506093406.0 |
| 008 - DATOS DE LONGITUD FIJA--INFORMACIÓN GENERAL | |
| campo de control de longitud fija | 021004e20011001 spa |
| 020 ## - NÚMERO INTERNACIONAL ESTÁNDAR DEL LIBRO | |
| Número Internacional Estándar del Libro | 8445715801 |
| 035 ## - NÚMERO DE CONTROL DEL SISTEMA | |
| Número de control de sistema | 816140 |
| Número de control cancelado/no válido | 10368 |
| 035 ## - NÚMERO DE CONTROL DEL SISTEMA | |
| Número de control de sistema | (OCoLC)434242498 |
| 040 ## - FUENTE DE LA CATALOGACIÓN | |
| Centro/agencia transcriptor | comduadb |
| 041 ## - CÓDIGO DE LENGUA | |
| Código de lengua del texto/banda sonora o título independiente | spa |
| 080 ## - NÚMERO DE LA CLASIFICACIÓN DECIMAL UNIVERSAL | |
| Número de la Clasificación Decimal Universal | INV |
| 100 10 - ENTRADA PRINCIPAL--NOMBRE DE PERSONA | |
| Nombre de persona | Dubois, Alfonso |
| Código de función | aut |
| Término indicativo de función/relación | Autor/a |
| 9 (RLIN) | 311631 |
| 245 13 - MENCIÓN DE TÍTULO | |
| Título | La financiación del desarrollo : flujos privados y ayuda oficial al desarrollo |
| 260 ## - PUBLICACIÓN, DISTRIBUCIÓN, ETC. | |
| Lugar de publicación, distribución, etc. | Vitoria-Gasteiz : |
| Nombre del editor, distribuidor, etc. | Servicio Central de Publicaciones del Gobierno Vasco, |
| Fecha de publicación, distribución, etc. | 2001. |
| 300 ## - DESCRIPCIÓN FÍSICA | |
| Extensión | 210 páginas |
| 490 0# - MENCIÓN DE SERIE | |
| Mención de serie | Manuales de Formacion ; |
| Designación de volumen o secuencia | 3 |
| 500 ## - NOTA GENERAL | |
| Nota general | Texto tambien en Euskara. |
| 505 ## - NOTA DE CONTENIDO CON FORMATO | |
| Nota de contenido con formato | CONTENIDO: 1. Aspectos generales de la cooperación al desarrollo -- 2. La financiación privada del desarrollo -- 3. La financiación pública u oficial al desarrollo -- 4. La cooperación multilateral -- 5. La cooperación al desarrollo en los noventa. |
| 650 #7 - PUNTO DE ACCESO ADICIONAL DE MATERIA--TÉRMINO DE MATERIA | |
| Término de materia o nombre geográfico como elemento de entrada | Desarrollo económico y social |
| Fuente del encabezamiento o término | lemb |
| 9 (RLIN) | 4295 |
| 650 ## - PUNTO DE ACCESO ADICIONAL DE MATERIA--TÉRMINO DE MATERIA | |
| Término de materia o nombre geográfico como elemento de entrada | Ayuda al desarrollo |
| 9 (RLIN) | 19674 |
| 650 ## - PUNTO DE ACCESO ADICIONAL DE MATERIA--TÉRMINO DE MATERIA | |
| Término de materia o nombre geográfico como elemento de entrada | Financiacion de la ayuda |
| 9 (RLIN) | 116835 |
| 650 ## - PUNTO DE ACCESO ADICIONAL DE MATERIA--TÉRMINO DE MATERIA | |
| Término de materia o nombre geográfico como elemento de entrada | Inversiones extranjeras directas |
| 9 (RLIN) | 116082 |
| 650 ## - PUNTO DE ACCESO ADICIONAL DE MATERIA--TÉRMINO DE MATERIA | |
| Término de materia o nombre geográfico como elemento de entrada | Organismos multilaterales |
| 9 (RLIN) | 118611 |
| 650 ## - PUNTO DE ACCESO ADICIONAL DE MATERIA--TÉRMINO DE MATERIA | |
| Término de materia o nombre geográfico como elemento de entrada | Instituciones de ayuda |
| 9 (RLIN) | 120409 |
| 650 #7 - PUNTO DE ACCESO ADICIONAL DE MATERIA--TÉRMINO DE MATERIA | |
| Término de materia o nombre geográfico como elemento de entrada | Cooperación internacional |
| Fuente del encabezamiento o término | armarc |
| 9 (RLIN) | 1823 |
| 700 10 - ENTRADA AGREGADA--NOMBRE PERSONAL | |
| Nombre de persona | Yoldi, Pilar |
| Código de función | aut |
| Término indicativo de función/relación | Autor/a |
| 9 (RLIN) | 374152 |
| 942 ## - ELEMENTOS DE ENTRADA AGREGADA (KOHA) | |
| Tipo de ítem Koha | Libros |
| Estado de retiro | Estado de pérdida | Estado dañado | No para préstamo | Código de colección | Localización permanente | Ubicación/localización actual | Fecha de adquisición | Número de inventario | Total de préstamos | Signatura topográfica completa | Código de barras | Fecha visto por última vez | Número de copia | Precio válido a partir de | Tipo de ítem Koha |
|---|---|---|---|---|---|---|---|---|---|---|---|---|---|---|---|
| Colección General | Centro Documentación Economía (Bloque 13 Of. 118) | Centro Documentación Economía (Bloque 13 Of. 118) | 24/04/2023 | C783581 | INV/33348 | 61000004372845 | 24/04/2023 | 1 | 24/04/2023 | Libros |